000 01898cad a22002295a 4500
001 L154646
008 120109s2012 xxk f 000 0 eng d
035 _a(Sirsi) u154646
041 0 _aeng
110 2 _aUnited Kingdom
_bDepartment for Communities and Local Government
_94939
245 0 0 _aAllocation of accommodation guidance for local housing authorities in England
_bconsultation
_h[electronic resource]
260 _aLondon
_bDCLG
_c2012
505 2 _aMinisterial Foreword -- The consultation process and how to respond -- Chapter 1 scope of guidance and definition of an allocation -- Chapter 2 Overview of the amendments to Part 6 made by the Localism Act 2011 -- Chapter 3 - Eligibility and qualification -- Chapter 4 Framing an allocation scheme -- Chapter 5 Alllocation scheme management -- Chapter 6 Working with private registered providers and contracting out - List of consultation quesstions -- Annexes 1 - 6 -- Consultation criteria
520 _aConsultation on draft guidance on social housing allocations for local authorities in England. The new guidance is intended to assist authorities to take advantage of the provisions in the Localism Act 2011 which give back to local authorities the freedom to manage their own waiting lists, and make it easier for them to move existing social tenants to more suitable accommodation. It also encourages authorities to make use of the existing flexibilities within the allocation legislation to ensure that social homes go to people who need and deserve them the most.
520 _aConsultation closes 30 March 2012.
590 _aKA
650 2 4 _aLOCALISM ACT 2011
651 4 _aEngland
_y886-
690 _aPROPERTY-RESIDENTIAL PROPERTY-DOMESTIC RESIDENTIAL PROPERTY-HOUSING
856 4 0 _uhttps://www.communities.gov.uk/documents/housing/pdf/2060702.pdf
_zView the item free of charge at www.communities.gov.uk
942 _n0
999 _c113082
_d113082